Understanding and using English grammar; Workbook

Zapisane w:
Opis bibliograficzny
1. autor: Betty Schrampfer Azar
Format: Książka
Język:Undetermined
Wydane: New York Longman 2000
Etykiety: Dodaj etykietę
Nie ma etykietki, Dołącz pierwszą etykiete!
Thư viện lưu trữ: Trung tâm Học liệu Trường Đại học Cần Thơ
LEADER 00492nam a2200181Ia 4500
001 CTU_65984
008 210402s9999 xx 000 0 und d
020 |b 165000 
082 |a 428.24076 
082 |b A992 
100 |a Betty Schrampfer Azar 
245 0 |a Understanding and using English grammar; Workbook 
260 |a New York 
260 |b Longman 
260 |c 2000 
526 |a Ngữ pháp cơ bản 
526 |b SG279 
980 |a Trung tâm Học liệu Trường Đại học Cần Thơ